000 00887nam a2200265Ia 4500
003 OSt
005 20220923215717.0
006 a|||||r|||| 00| 0
007 ta
008 220922b |||||||| |||| 00| 0 hin d
024 _a181,088
037 _cTextual
040 _aARTS
_cARTS
_bhin
041 _2hin
_ahin
082 _aO152,1N292x, L9
100 _aसहाय, रधुवीर
_9156291
245 0 _aहॅंसो हॅंसो जल्दी हॅंसों
246 _aHaॅanso haॅanso jaldī haॅansoan
250 _aसंस्क0 2
260 _aनई दिल्ली
_b नेशनल पब्लि हाउस
_c1979
300 _a80 पृ.
_ccm.
650 _aहिन्दी साहित्य
_9156264
942 _hO152,1N292x, L9
_cTEXL
_2CC
999 _c334466
_d334466